000 00444nam a22001457a 4500
999 _c7743
_d7741
005 20210324103438.0
008 210324b ||||| |||| 00| 0 eng d
082 _a345.408 23
100 _aMANOHAR AND CHITALEY
_96503
245 _aTHE AIR MANUAL CIVIL AND CRIMINAL [CONSTITUTION OF INDIA ARTICLE, 226 NOTE 1 TO NOTE 48] [VOL-11]
260 _aNAGPUR
_bTHE ALL INDIA REPORTER PVT.LTD.
300 _a1152;p
650 _aLAW
_95701
942 _cJRL